Statystyki dla Harry Potter - wiedza ogólna

Kliknij tutaj aby rozwiązać quiz!

Ogólne statystyki

  • Ten quiz został rozwiązany 215 razy
  • Średni wynik to 13 z 30

Statystyki odpowiedzi

PodpowiedźOdpowiedź% Poprawnych
Jeden z przedmiotów w Hogwarcie. Nauczali go m.in Lupin, Snape i UmbridgeObrona Przed Czarną Magią
91%
Miotła wyścigowa wysokiej klasy, którą Harry otrzymał w prezencie podczas pierwszego roku nauki w HogwarcieNimbus 2000
90%
Grupa zwolenników Voldemorta z charakterystycznym tatuażem, który zapewniał kontakt z Czarnym PanemŚmierciożercy
88%
Puszcza znajdująca się w bliskim sąsiedztwie Hogwartu, zamieszkiwana przez stworzenia magiczneZakazany Las
86%
Jego łzy uleczyły ranę Harry'ego zadaną mu przez BazyliszkaFeniks
84%
Zaklęcie Niewybaczalne powodujące natychmiastową śmierćAvada Kedavra
82%
Potoczna nazwa określająca ucznia należącego do SlytherinuŚlizgon
65%
Kotka woźnego FilchaPani Norris
64%
Zwrot określający Voldemorta, namiętnie używany przez Severusa Snape'aCzarny Pan
63%
Jak nazywał się magiczny autobus, którego konduktorem był Stan Shunpike?Błędny Rycerz
57%
Tą klątwą Bellatrix Lastrange torturowała rodziców Neville'a i HermionęCruciatus
55%
Marka latającego samochodu, dzięki któremu Harry i Ron dostali się do Hogwartu, gdy zawiodła bramka na peronie 9 i 3/4Ford Anglia
42%
Zaklęcie powodujące porażenie ciała przeciwnika, co uniemożliwiało mu wykonanie jakiegokolwiek ruchu. W "Kamieniu Filozoficznym" Hermiona potraktowała nim Neville'aPetrificus Totalus
42%
Zaklęcie ochronne, wytwarzające swego rodzaju tarczę odbijającą uroki i zaklęciaProtego
39%
Goblin pracujący w Banku Gringotta na Ulicy Pokątnej, przetrzymywany w Dworze Malfoy'ówGryfek
36%
Wytwarzany w żołądku kozy kamień, będący uniwersalnym antidotumBezoar
34%
Magiczny pub w Londynie, rozdzielający świat mugoli od świata czarodziejówDziurawy Kocioł
32%
Symbol Czarnego Pana oraz jego popleczników, wyczarowywany za pomocą zaklęcia Morsmordre.Mroczny Znak
29%
Wielki czarnoksiężnik, przyjaciel Dumbledore'a, z którym później stoczył pojedynekGrindelwald
27%
Znana cukiernia, położona w centrum HogsmeadeMiodowe Królestwo
25%
W tego owada zamieniała się reporterka Rita SkeeterŻuk
24%
Magiczna, śmierdząca bomba używana do robienia dowcipówŁajnobomba
21%
Małe, złośliwe stworzenie, które na pierwszej lekcji wypuścił z klatki Gilderoy LockhartChochlik Kornwalijski
20%
Uczeń Hogwartu rywalizujący z Ronem o pozycję obrońcy w drużynie Quiditcha, którego Hermiona zaprosiła na przyjęcie do profesora SlughornaCormac McLaggen
17%
Właścicielka oraz barmanka lokalu "Trzy Miotły"Madame Rosmerta
17%
Został Ministrem Magii po złożeniu dymisji przez Korneliusza KontaRufus Scrimgeour
13%
Członek organizacji powołanej przez Voldemorta, której głównym zadaniem było wyłapywanie mugoli i "zdrajców krwi"Szmalcownik
12%
Cukierki w kształcie fasolek o dosłownie wszystkich smakachFasolki wszystkich smaków Bertiego Botta
8%
Zaklęcie, którego zadaniem było stworzenie dużego bąbla wypełnionego powietrzem wokół głowy.Zaklęcie Bąblogłowy
8%
Szkoła Magii, do której uczęszczał Wiktor KrumInstytut Magii Durmstrang
3%

Rozkład punktacji

Percentyl według liczby udzielonych odpowiedzi

Procent ludzi z każdym wynikiem

Twoja historia wyników

Nie rozwiązałeś tego quizu